000 00359nam a2200109Ia 4500
008 180321s9999 xx 000 0 und d
082 _a340.11 CEN
245 _aJustice without delay recommendations for legal and institutional reform
260 _aDelhi
_bCentre on Pulic Law and Jurisprudence
300 _a60
650 _aLegal system - institutional reforms
999 _c110849
_d110849